Name The Kpop Bands Before May 2014 - Statistics

General Stats
  • This quiz has been taken 2,164 times
    1,554 since last reset
  • The average score is 36 of 133
Answer Stats
Answer % Correct
Bangtan Boys
91%
EXO
89%
Big Bang
88%
Girls' Generation
87%
Super Junior
86%
Shinee
83%
2NE1
79%
2PM
72%
Got7
71%
DBSK
70%
F(x)
70%
2AM
69%
4 Minute
67%
BtoB
67%
Wonder Girls
66%
Sistar
64%
Infinite
63%
APink
62%
Miss A
62%
T-ARA
62%
Ace Of Angels [AoA]
61%
Best Absolute Perfect [BAP]
59%
KARA
59%
VIXX
59%
B2ST
58%
Block B
58%
H.O.T
55%
CNBlue
54%
After School
51%
Shinhwa
51%
Girl's Day
50%
EXID
49%
NU'EST
49%
FT Island
48%
Teen Top
47%
B1A4
46%
Brown Eyed Girls
43%
MBLAQ
43%
Boyfriend
42%
U-Kiss
42%
ZE:A
41%
JYJ
35%
Rainbow
35%
100%
34%
Crayon Pop
34%
Secret
34%
Fiestar
29%
Nine Muses
29%
Dal Shabet
28%
Epik High
27%
Hello Venus
26%
Topp Dogg
25%
Trouble Maker
25%
AKMU
24%
Ladies' Code
24%
History
23%
STELLAR
23%
15&
22%
Spica
22%
Davichi
21%
BESTie
20%
Boy's Republic
20%
C-Clown
20%
GLAM
20%
SPEED
20%
Cross Gene
19%
Brave Girls
18%
Rania
18%
MYNAME
17%
A-Jax
16%
BIGSTAR
15%
F-ve Dolls
14%
Chocolat
13%
EvoL
13%
Jewelry
13%
JJCC
13%
F.Cuz
12%
Tiny-G
12%
TRAX
12%
4men
11%
Double A
11%
LEDApple
11%
AlphaBAT
10%
M.I.B
10%
MRMR
10%
Tasty
10%
Wa$$up
10%
DMTN
9%
TAHITI
9%
The Grace (CSJH)
9%
C-real
8%
D-Unit
8%
Dynamic Duo
8%
The Boss
8%
Wonderboyz
8%
LC9
7%
Lunafly
7%
Sunny Hill
7%
The Seeya
7%
2Eyes
6%
APrince
6%
SG WANNABE
6%
Two X
6%
Beat Win
5%
GP Basic
5%
T-Max
5%
Toheart
5%
2000won
4%
Busker Busker
4%
Gangkiz
4%
LEESSANG
4%
LIPSERVICE
4%
Nell
4%
Skarf
4%
K-Much
3%
Koyote
3%
Mighty Mouth
3%
Urban Zakapa
3%
2BiC
2%
Baechigi
2%
Electroboyz
2%
Geeks
2%
Global Icon
2%
Kiss&Cry
2%
MFBTY
2%
Piggy Dolls
2%
Ulala Session
2%
Billion
1%
Chaos
1%
High5
1%
Jevice
1%
OFFROAD
1%
Togewori
1%
No matching quizzes found
Score Distribution
Percent of People with Each Score
Percentile by Number Answered
Your Score History
You have not taken this quiz since the last reset